000 00508nam a2200169Ia 4500
008 150610s9999 xx 000 0 und d
020 _a9780375856112
050 _aPZ7
_b .P196i 2011  
100 _aPaolini, Christopher
245 _aInheritance, or, The vault of souls /
_cChristopher Paolini.
250 _a1st ed.
260 _aNew York :
_bLaurel-Leaf,
_c2011.
300 _a1157pages :
_billustrations ;
_c18 cm.
440 _aInheritance; bk. 4
_vv.4
520 _aFiction.
650 _xFantasy.
999 _c287876
_d287876